<?xml version="1.0" encoding="UTF-8"?>
<record
    xmlns:xsi="http://www.w3.org/2001/XMLSchema-instance"
    xsi:schemaLocation="http://www.loc.gov/MARC21/slim http://www.loc.gov/standards/marcxml/schema/MARC21slim.xsd"
    xmlns="http://www.loc.gov/MARC21/slim">

  <leader>03604cam a2200313 i 4500</leader>
  <controlfield tag="001">991027281041907026</controlfield>
  <controlfield tag="003">UkOxU</controlfield>
  <controlfield tag="005">20250923142304.0</controlfield>
  <controlfield tag="008">250127t20242024enka          001 0 eng d</controlfield>
  <datafield tag="020" ind1=" " ind2=" ">
    <subfield code="a">9781399415637</subfield>
    <subfield code="q">paperback</subfield>
  </datafield>
  <datafield tag="035" ind1=" " ind2=" ">
    <subfield code="a">(OCoLC)1492830578</subfield>
  </datafield>
  <datafield tag="035" ind1=" " ind2=" ">
    <subfield code="a">(OCoLC)on1492830578</subfield>
  </datafield>
  <datafield tag="040" ind1=" " ind2=" ">
    <subfield code="a">RDF</subfield>
    <subfield code="b">eng</subfield>
    <subfield code="e">rda</subfield>
    <subfield code="c">RDF</subfield>
    <subfield code="d">OCLCO</subfield>
    <subfield code="d">CFU</subfield>
    <subfield code="d">OCLCO</subfield>
    <subfield code="d">HCO</subfield>
    <subfield code="d">NZPOP</subfield>
    <subfield code="d">UkOxU</subfield>
  </datafield>
  <datafield tag="041" ind1=" " ind2=" ">
    <subfield code="a">English</subfield>
  </datafield>
  <datafield tag="050" ind1=" " ind2="4">
    <subfield code="a">BF145</subfield>
    <subfield code="b">.F87 2024</subfield>
  </datafield>
  <datafield tag="100" ind1=" " ind2=" ">
    <subfield code="a">Furnham, Adrian,</subfield>
    <subfield code="e">author.</subfield>
    <subfield code="1">https://id.oclc.org/worldcat/entity/E39PBJy49mr9pqwQmjFX8Bbrv3</subfield>
    <subfield code="9">25788</subfield>
  </datafield>
  <datafield tag="245" ind1="1" ind2="4">
    <subfield code="a">The new psychology </subfield>
    <subfield code="b">: the 50 newest concepts that are shaping how we live and work </subfield>
    <subfield code="c">/ Adrian Furnham.</subfield>
  </datafield>
  <datafield tag="246" ind1="3" ind2="0">
    <subfield code="a">50 newest concepts that are shaping how we live and work</subfield>
  </datafield>
  <datafield tag="246" ind1="3" ind2="0">
    <subfield code="a">Fifty newest concepts that are shaping how we live and work</subfield>
  </datafield>
  <datafield tag="264" ind1=" " ind2="1">
    <subfield code="a">London :</subfield>
    <subfield code="b">Bloomsbury,</subfield>
    <subfield code="c">2024.</subfield>
  </datafield>
  <datafield tag="300" ind1=" " ind2=" ">
    <subfield code="a">xiv, 290 pages :</subfield>
    <subfield code="b">illustrations ;</subfield>
    <subfield code="c">24 cm</subfield>
  </datafield>
  <datafield tag="504" ind1=" " ind2=" ">
    <subfield code="a">Includes bibliographical references and index.</subfield>
  </datafield>
  <datafield tag="505" ind1="0" ind2=" ">
    <subfield code="a">Alternative medicine &#x2014; Artificial intelligence (AI) &#x2014; Authenticity &#x2014; Big data/data science &#x2014; Brain imaging &#x2014; Cognitive biases &#x2014; Conspiracy theories &#x2014; Cosmetic surgery &#x2014; Curiosity &#x2014; Cyberpsychology &#x2014; Dark triad &#x2014; Digital leadership &#x2014; Disenchantment &#x2014; Disgust &#x2014; Ecopsychology &#x2014; Ego depletion &#x2014; Espionage &#x2014; FOMO (Fear of Missing Out) &#x2014; Game theory &#x2014; Gamification &#x2014; Gender and sex &#x2014; Greed &#x2014; Grit &#x2014; Highly sensitive personality &#x2014; Humour &#x2014; Imposter syndrome &#x2014; Justice motivation &#x2014; Machine learning &#x2014; Mental health literacy &#x2014; Microaggressions &#x2014; Mindsets &#x2014; Network analysis &#x2014; Neurodiversity &#x2014; Nostalgia &#x2014; Overconfidence &#x2014; Passion &#x2014; Personality change &#x2014; Polycultural psychology &#x2014; Positive psychology &#x2014; Psychological safety &#x2014; Replication crisis &#x2014; Resignation: the great... &#x2014; Resilience &#x2014; Structural equation modelling &#x2014; Terrorist thinking &#x2014; Unconscious bias &#x2014; Wearables &#x2014; WEIRD people &#x2014; Woke ideology &#x2014; Zoom fatigue.</subfield>
  </datafield>
  <datafield tag="520" ind1=" " ind2=" ">
    <subfield code="a">"An in-depth look at a number of the newest issues in psychology and how they can influence our lives, at home and at work - from AI and Ecopsychology, to Wearables and W.E.I.R.D people. Psychologists have always shone a torch into many dark corners of the human mind -- they study everything, from art preferences to altruism, coaching to criminality, gamification to greed, and microagressions to mindset. But in our hyper-connected, post-pandemic society, less-understood issues are now emerging, causing significant disorientation for people trying to make sense of their ever-changing world and the tumultuous events unfolding around them. The language of psychology offers clear descriptions and explanations for a range of phenomena, including Authenticity, Conspiracy Theories, and Psychological Safety through to more recently recognized conditions, such as Imposter Syndrome, Unconcious Bias, and Zoom Fatigue. Adrian Furnham offers an increased awareness and insight as to how these conditions manifest themselves, aiding people to better identify and realize their full potential. Written to accompany the highly successful Psychology 101, this book takes a closer look at 50 of the emerging concepts in modern psychology. The New Psychology explains how these issues could impact both our personal and professional lives, helping you to reassess the pressures facing you at work and pursue a more fulfilling work/life balance."--Page 4 of cover.</subfield>
  </datafield>
  <datafield tag="650" ind1=" " ind2="0">
    <subfield code="a">Psychology</subfield>
    <subfield code="9">2525</subfield>
  </datafield>
  <datafield tag="650" ind1=" " ind2="0">
    <subfield code="a">Psychology</subfield>
    <subfield code="y">21st century.</subfield>
  </datafield>
  <datafield tag="650" ind1=" " ind2="0">
    <subfield code="a">Psychology</subfield>
    <subfield code="x">Terminology.</subfield>
  </datafield>
  <datafield tag="942" ind1=" " ind2=" ">
    <subfield code="2">lcc</subfield>
  </datafield>
  <datafield tag="952" ind1=" " ind2=" ">
    <subfield code="0">0</subfield>
    <subfield code="1">0</subfield>
    <subfield code="2">lcc</subfield>
    <subfield code="4">0</subfield>
    <subfield code="7">0</subfield>
    <subfield code="a">TBS</subfield>
    <subfield code="b">TBS</subfield>
    <subfield code="d">2025-08-27</subfield>
    <subfield code="l">2</subfield>
    <subfield code="o">BF145 FUR</subfield>
    <subfield code="p">B07609</subfield>
    <subfield code="r">2026-04-23</subfield>
    <subfield code="s">2026-03-25</subfield>
    <subfield code="t">1</subfield>
    <subfield code="w">2025-08-27</subfield>
    <subfield code="y">1</subfield>
  </datafield>
  <datafield tag="999" ind1=" " ind2=" ">
    <subfield code="c">4877</subfield>
    <subfield code="d">4877</subfield>
  </datafield>
</record>
